Vince Ingersoll

Texas C


Categories

Science - Physics020120119123.0002
Other Arts: Visual020120109111.5002
History - European History010010133133.0001
Other Science: Earth Science010010127127.0011
Science - Biology010010115115.0011
Science - Chemistry010010130130.0001
Other Science: Astronomy010110138138.0001
Beliefs010010115115.0001
Ancient History and Archaeology0010-50.0000

Buzzes

Other Arts: Visualbonsai10109
Ancient History and Archaeologycopper-5112
Other Arts: VisualPrincess Mononoke10114
Beliefseating10115
Science - Biologyfeathers10115
Science - Physicsparticle accelerators10119
Science - Physicsdispersion0125
Other Science: Earth Sciencetires10127
Science - Physicslinear10127
Science - Chemistrysurface area10130